| 000 | 00889nam a22002655a 4500 | ||
|---|---|---|---|
| 005 | 20161020155618.0 | ||
| 008 | 161020r20132003ii a frb 0100 eng d d | ||
| 020 | _a9788131214039 | ||
| 040 |
_aEG-ScBUE _beng _cEG-ScBUE _dEG-ScBUE |
||
| 082 | 0 | 4 |
_222 _a005.453 _bMUC |
| 100 | 1 |
_921436 _aMuchnick, Steven S., _d1945- |
|
| 245 | 1 | 0 |
_aAdvanced compiler design and implementation / _cSteven S. Muchnick. |
| 250 | _aReprint ed. | ||
| 260 |
_aNew Delhi : _bMorgan Kaufmann Publishers, _c2013. |
||
| 300 |
_axxix, 856 p. : _bill. ; _c24 cm. |
||
| 500 | _aIncludes indexes. | ||
| 500 | _aReprinted of 2003. | ||
| 504 | _aBibliography : p. 801-820. | ||
| 650 | 7 |
_2BUEsh _913036 _aCompilers (Computer programs) |
|
| 650 | 7 |
_2BUEsh _918056 _aSystems programming (Computer science) |
|
| 650 | 0 |
_2BUEsh _aoptimisation globale. |
|
| 651 | _2BUEsh | ||
| 653 |
_bCOMSCI _cOctober2016 |
||
| 942 | _2ddc | ||
| 999 |
_c22762 _d22734 |
||